Great disciples of the Buddha : (Record no. 98410)
[ view plain ]
| 000 -LEADER | |
|---|---|
| fixed length control field | 00774cam a2200205 a 4500 |
| 001 - CONTROL NUMBER | |
| control field | 13213929 |
| 005 - DATE AND TIME OF LATEST TRANSACTION | |
| control field | 20170922112644.0 |
| 008 - FIXED-LENGTH DATA ELEMENTS--GENERAL INFORMATION | |
| fixed length control field | 030527s2003 mau b 001 0ceng |
| 020 ## - INTERNATIONAL STANDARD BOOK NUMBER | |
| International Standard Book Number | 0861713818 (pbk. : acidfree paper) |
| 040 ## - CATALOGING SOURCE | |
| Transcribing agency | PK-LaUMT |
| 082 00 - DEWEY DECIMAL CLASSIFICATION NUMBER | |
| Classification number | 294.30922 |
| Edition number | 21 |
| Item number | NYA-G |
| 100 0# - MAIN ENTRY--PERSONAL NAME | |
| Personal name | Thera, Nyanaponika |
| 245 10 - TITLE STATEMENT | |
| Title | Great disciples of the Buddha : |
| Remainder of title | their lives, their works, their legacy / |
| Statement of responsibility, etc | Nyanaponika Thera and Hellmuth Hecker ; edited with an introduction by Bhikkhu Bodhi. |
| 260 ## - PUBLICATION, DISTRIBUTION, ETC. (IMPRINT) | |
| Place of publication, distribution, etc | Boston : |
| Name of publisher, distributor, etc | Wisdom Publications in collaboration with the Buddhist Publication Society of Kandy, Sri Lanka, |
| Date of publication, distribution, etc | 2003 |
| 300 ## - PHYSICAL DESCRIPTION | |
| Extent | xxxiii, 411 p. ; |
| Dimensions | 23 cm. |
| 700 1# - ADDED ENTRY--PERSONAL NAME | |
| Personal name | Hecker, Hellmuth. |
| 700 0# - ADDED ENTRY--PERSONAL NAME | |
| Personal name | Bodhi, |
| 710 2# - ADDED ENTRY--CORPORATE NAME | |
| Corporate name or jurisdiction name as entry element | Buddhist Publication Society. |
| 942 ## - ADDED ENTRY ELEMENTS (KOHA) | |
| Koha item type | Books |
| Withdrawn status | Lost status | Damaged status | Home library | Current library | Date acquired | Full call number | Barcode | Date last seen | Price effective from | Koha item type |
|---|---|---|---|---|---|---|---|---|---|---|
| UMT Main Campus | UMT Main Campus | 2017-09-22 | 294.30922 NYA-G | 113834 | 2022-01-17 | 2017-09-22 | Books |
